| 000 | 00650nam a22001937a 4500 | ||
|---|---|---|---|
| 005 | 20251108172348.0 | ||
| 008 | 250721s1998 xx 000 0 ara d | ||
| 082 | 1 | 4 | _a631.5/حسن |
| 100 | 1 | _aحسن، أحمد عبد المنعم | |
| 245 | 1 | 0 | _aتكنولوجيا إنتاج الخضر / |
| 264 | 1 |
_aالقاهرة : _bالمكتبة الأكاديمية، _c1998. |
|
| 300 | _a725ص | ||
| 490 | 0 | _aسلسلة أساسيات الخضر : الجوانب العلمية و تطبيقاتها العملية | |
| 650 | 1 | 7 | _aالزراعة |
| 650 | 1 | 7 | _aزراعة الخضروات |
| 650 | 1 | 7 | _aالري |
| 942 |
_2ddc _cBK |
||
| 999 |
_c77281 _d77281 |
||